British Celebrities by Picture #5 - Statistics

General Stats
  • This quiz has been taken 236 times
    219 since last reset
  • The average score is 8 of 20
Answer Stats
Picture Answer % Correct
Julie Andrews
75%
Mick Jagger
69%
Sean Connery
63%
Jude Law
59%
James May
55%
Anne-Marie
53%
Amanda Holden
51%
Peter Kay
49%
Kate Moss
41%
Stacey Solomon
41%
Angela Lansbury
40%
Lily Allen
39%
Calvin Harris
35%
Joe Swash
35%
Princess Margaret
32%
Naomie Harris
22%
Billy Ocean
12%
Davey Boy Smith / The British Bulldog
12%
David Gandy
7%
Lizzy Yarnold
3%
No matching quizzes found
Score Distribution
Percent of People with Each Score
Percentile by Number Answered
Your Score History
You have not taken this quiz since the last reset